LEADER 01125nam--2200397---450- 001 990003199270203316 005 20090311123319.0 010 $a3-421-06065-7 035 $a000319927 035 $aUSA01000319927 035 $a(ALEPH)000319927USA01 035 $a000319927 100 $a20090223d1981----km-y0itay50------ba 101 $ager 102 $aDE 105 $a||||||||001yy 200 1 $aEntgegnung$eZur deutschen Literatur der siebziger Jahre$fMarcel Reich-Ranicki 205 $aErweiterte Neuausgabe 210 $aStuttgart$cDeutsche-Verlags Anstalt$d1981 215 $a436 p.$d21 cm 410 0$12001 454 1$12001 461 1$1001-------$12001 606 0 $aLetteratura tedesca$xStudi$zSec. 20. 676 $a830.9009 700 1$aREICH-RANICKI,$bMarcel$0188534 801 0$aIT$bsalbc$gISBD 912 $a990003199270203316 951 $aII.3.B.230$b1293 DSLL 959 $aBK 969 $aDSLL 979 $aDSLL$b90$c20090223$lUSA01$h1202 979 $aDSLL$b90$c20090223$lUSA01$h1424 979 $aDSLL$b90$c20090311$lUSA01$h1233 996 $aEntgegnung$9174584 997 $aUNISA